ELEMENTS OF THE THEORY OF COMPUTATION (Record no. 58740)
[ view plain ]
| 000 -LEADER | |
|---|---|
| fixed length control field | 00410nam a22001697a 4500 |
| 003 - CONTROL NUMBER IDENTIFIER | |
| control field | OSt |
| 005 - DATE AND TIME OF LATEST TRANSACTION | |
| control field | 20240430110619.0 |
| 008 - FIXED-LENGTH DATA ELEMENTS--GENERAL INFORMATION | |
| fixed length control field | 240430b |||||||| |||| 00| 0 eng d |
| 020 ## - INTERNATIONAL STANDARD BOOK NUMBER | |
| International Standard Book Number | 9789332549890 |
| 040 ## - CATALOGING SOURCE | |
| Transcribing agency | IIMT UNIVERSITY |
| 100 ## - MAIN ENTRY--PERSONAL NAME | |
| Personal name | Harry R. Lewis |
| 245 ## - TITLE STATEMENT | |
| Title | ELEMENTS OF THE THEORY OF COMPUTATION |
| 250 ## - EDITION STATEMENT | |
| Edition statement | 2ND EDN |
| 260 ## - PUBLICATION, DISTRIBUTION, ETC. | |
| Place of publication, distribution, etc. | New Delhi |
| Name of publisher, distributor, etc. | Pearson |
| Date of publication, distribution, etc. | 2024 |
| 300 ## - PHYSICAL DESCRIPTION | |
| Extent | 361 |
| 942 ## - ADDED ENTRY ELEMENTS (KOHA) | |
| Source of classification or shelving scheme | |
| Koha item type | Book Bank |
| Withdrawn status | Lost status | Source of classification or shelving scheme | Damaged status | Not for loan | Home library | Current library | Date acquired | Source of acquisition | Coded location qualifier | Cost, normal purchase price | Inventory number | Barcode | Date last seen | Price effective from | Koha item type | Total Checkouts | Date last checked out |
|---|---|---|---|---|---|---|---|---|---|---|---|---|---|---|---|---|---|
| IIMT University Central Library Meerut | IIMT University Central Library Meerut | 04/30/2024 | Arista Publisher | CS | 725.00 | HO/IN/18,,25/04/2024 | 01-B-141635 | 04/30/2024 | 04/30/2024 | Reference Book | |||||||
| IIMT University Central Library Meerut | IIMT University Central Library Meerut | 04/30/2024 | Arista Publisher | CS | 725.00 | HO/IN/18,,25/04/2024 | 01-B-141636 | 04/30/2024 | 04/30/2024 | Book Bank | |||||||
| IIMT University Central Library Meerut | IIMT University Central Library Meerut | 04/30/2024 | Arista Publisher | CS | 725.00 | HO/IN/18,,25/04/2024 | 01-B-141637 | 04/30/2024 | 04/30/2024 | Book Bank | |||||||
| IIMT University Central Library Meerut | IIMT University Central Library Meerut | 04/30/2024 | Arista Publisher | CS | 725.00 | HO/IN/18,,25/04/2024 | 01-B-141638 | 04/30/2024 | 04/30/2024 | Book Bank | |||||||
| IIMT University Central Library Meerut | IIMT University Central Library Meerut | 04/30/2024 | Arista Publisher | CS | 725.00 | HO/IN/18,,25/04/2024 | 01-B-141639 | 04/30/2024 | 04/30/2024 | Book Bank | |||||||
| IIMT University Central Library Meerut | IIMT University Central Library Meerut | 04/30/2024 | Arista Publisher | CS | 725.00 | HO/IN/18,,25/04/2024 | 01-B-141640 | 06/22/2024 | 04/30/2024 | Book Bank | 1 | 05/03/2024 | |||||
| IIMT University Central Library Meerut | IIMT University Central Library Meerut | 04/30/2024 | Arista Publisher | CS | 725.00 | HO/IN/18,,25/04/2024 | 01-B-141641 | 07/08/2024 | 04/30/2024 | Book Bank | 1 | 05/01/2024 | |||||
| IIMT University Central Library Meerut | IIMT University Central Library Meerut | 04/30/2024 | Arista Publisher | CS | 725.00 | HO/IN/18,,25/04/2024 | 01-B-141642 | 04/30/2024 | 04/30/2024 | Book Bank | |||||||
| IIMT University Central Library Meerut | IIMT University Central Library Meerut | 04/30/2024 | Arista Publisher | CS | 725.00 | HO/IN/18,,25/04/2024 | 01-B-141643 | 05/25/2024 | 04/30/2024 | Book Bank | 1 | 05/25/2024 |

